| 000 | 00769nam a2200241 a 4500 | ||
|---|---|---|---|
| 001 | BRCA_6680 | ||
| 005 | 20190320205542.0 | ||
| 008 | 131011s1904----gw-#######---#000-0#ger-# | ||
| 041 | _ager | ||
| 044 | _agw | ||
| 050 | 4 |
_aQH366 _b.H33 1904 |
|
| 100 | 1 |
_aHaeckel, Ernst Heinrich Philipp August _d1834-1919 _916649 |
|
| 245 | 1 | 0 |
_aDie Lebenswunder _bgemeinverständliche Studien über biologische Philosophie. Ergänzungsband zu dem Buche uber die Weltratsel _cvon Ernst Haeckel. |
| 260 |
_aStuttgart, Alemania _bAlfred Kroner _c1904 |
||
| 300 |
_axiv, 567 p. _c23 cm. |
||
| 500 | _aIncluye índice alfabético | ||
| 500 | _aL202 | ||
| 650 | 1 | 4 |
_aEvolución _916651 |
| 650 | 1 | 4 |
_aVida _xOrigen _916707 |
| 650 | 1 | 4 |
_aBiología _916708 |
| 902 | _aGFM | ||
| 942 |
_2lcc _cB |
||
| 999 |
_c6363 _d6363 |
||